书目信息 |
| 题名: |
现代涂料的生产及应用
|
|
| 作者: | 李肇强 编著 | |
| 分册: | ||
| 出版信息: | 上海 上海科学技术文献出版社 2017 |
|
| 页数: | 315页 | |
| 开本: | 25cm | |
| 丛书名: | ||
| 单 册: | ||
| 中图分类: | TQ63 | |
| 科图分类: | ||
| 主题词: | 涂料--Tu Liao | |
| 电子资源: | ||
| ISBN: | 978-7-5439-7194-3 | |
| 000 | 00923nam0 2200265 450 | |
| 001 | 012001003370 | |
| 005 | 20191204112010.43 | |
| 010 | @a978-7-5439-7194-3@dCNY168.00 | |
| 099 | @aCAL 012017083277 | |
| 100 | @a20170525d2017 em y0chiy50 ea | |
| 101 | 0 | @achi |
| 102 | @aCN@b310000 | |
| 105 | @aa a 000yy | |
| 106 | @ar | |
| 200 | 1 | @a现代涂料的生产及应用@AXian Dai Tu Liao De Sheng Chan Ji Ying Yong@f李肇强编著 |
| 205 | @a第2版 | |
| 210 | @a上海@c上海科学技术文献出版社@d2017 | |
| 215 | @a315页@c图@d25cm | |
| 320 | @a有书目 (第314-315页) | |
| 330 | @a本书分五章涂料基础知识、涂料施工应用基础知识、各种涂料性能及应用、涂料用原材料及涂料生产工艺。可作为涂料生产及涂装企业技术人员的培训材料,前三章内容用于培训涂料企业的市场部、销售部人员。 | |
| 606 | 0 | @a涂料@ATu Liao |
| 690 | @aTQ63@v5 | |
| 701 | 0 | @a李肇强@ALi Zhaoqiang@4编著 |
| 801 | 2 | @aCN@b北京卓展@c20191020 |
| 905 | @b1211391-3@dTQ63@e87=2@f3 | |
| 现代涂料的生产及应用/李肇强编著.-第2版.-上海:上海科学技术文献出版社,2017 |
| 315页:图;25cm |
| ISBN 978-7-5439-7194-3:CNY168.00 |
| 本书分五章涂料基础知识、涂料施工应用基础知识、各种涂料性能及应用、涂料用原材料及涂料生产工艺。可作为涂料生产及涂装企业技术人员的培训材料,前三章内容用于培训涂料企业的市场部、销售部人员。 |
| ● |
| 相关链接 |
|
|
|
|
正题名:现代涂料的生产及应用
索取号:TQ63/87=2
 
预约/预借
| 序号 | 登录号 | 条形码 | 馆藏地/架位号 | 状态 | 备注 |
| 1 | 1211391 | 212113915 | 第二样本阅览室/ [索取号:TQ63/87=2] | 在馆 | |
| 2 | 1211392 | 212113924 | 第三借阅区/ [索取号:TQ63/87=2] | 在馆 | |
| 3 | 1211393 | 212113933 | 第三借阅区/ [索取号:TQ63/87=2] | 在馆 |